00362nam a2200109 a 450000500170000000800410001705000250005824500690008326000490015230000330020165000180023420140310183154.0030428s19uu xx 00 eng d aAG 195b.F626g2 2000 aFlip Quiz :bGeneral Knowledge (questions & answers) age 10-11 / aChina :bMiles Kelly Publishing Ltd.,c2000. c21 cm. :aill. col. ;b8 cm. aGeneral Works